| 000 | 00546cam a2200193 4500500 | ||
|---|---|---|---|
| 005 | 20260329005426.0 | ||
| 041 | _afre | ||
| 042 | _adc | ||
| 100 | 1 | 0 |
_aLarmagnac-Matheron, Octave _eauthor |
| 245 | 0 | 0 | _aSarha |
| 260 | _c2023. | ||
| 500 | _a31 | ||
| 690 | _aArabe | ||
| 690 | _aLâcher-prise | ||
| 690 | _aPalestine | ||
| 690 | _aVoyage | ||
| 786 | 0 | _nPhilosophie magazine | 171 | 8 | 2023-07-01 | p. 46-46 | 1951-1787 | |
| 856 | 4 | 1 | _uhttps://shs.cairn.info/magazine-philosophie-magazine-2023-8-page-46?lang=fr&redirect-ssocas=7080 |
| 999 |
_c1843262 _d1843262 |
||